01173nab a22002057a 4500999001500000003000400015005001700019008004100036040000700077100003700084245017200121300001500293505037600308505007200684650002800756650003600784650002500820773010900845942001300954 c5883d5883OSt20260109024529.0190514b xxu||||| |||| 00| 0 spa d cPJ 95023aPiccinelli, Ornela Cecilia13aLa estereotipia como diagnóstico. La vocación transformadora como remedio :b¿es el Poder Judicial un garante de la no repetición? /cOrnela Cecilia Piccinelli. ap. 138-151 aSumario: I. Interpelar para (des)armar.— II. Mujeres en situación de discapacidad intelectual. ¿Por qué es necesario un enfoque diferencial?— III. Estereotipos y mujeres con discapacidad.— IV. ¿Cómo operan los estereotipos en el razonamiento judicial?— V. Herramientas para denunciar y combatir los estereotipos.— VI. ¿Quién le pone voz al discurso?. tSi te interesa el texto, comunicate a koha@justierradelfuego.gov.ar 09967aDERECHO DE FAMILIA 093271aPERSONAS CON DISCAPACIDAD 09217aPODER JUDICIAL 0 0284493222dBuenos Aires : AbeledoPerrot, 1989-tDerecho de familia. N° 121 - Septiembre 2025z18511201 2udccANA